| 000 | 00672nam a2200265Ia 4500 | ||
|---|---|---|---|
| 008 | 160303s9999 xx 000 0 und d | ||
| 020 | _a971-554-075-9 | ||
| 050 | _aFIL HB 801 | ||
| 050 | _b.V55 2004 | ||
| 100 | _aVillegas, Bernardo M. | ||
| 245 | _aEconomics for the consumer / | ||
| 245 | _cBernardo M. Villegas. | ||
| 250 | _a6th Edition | ||
| 260 | _aManila: | ||
| 260 | _bSinag-Tala Pub., Inc., | ||
| 260 | _c2004 | ||
| 300 | _a387 pages : | ||
| 300 | _billustrations ; | ||
| 300 | _c23 cm. | ||
| 500 | _aIncludes index. | ||
| 650 | _aConsumer behavior. | ||
| 650 | _aConsumers. | ||
| 650 | _aConsumption (Economics). | ||
| 650 | _aEconomics. | ||
| 999 |
_c291291 _d291291 |
||